000 00702nam a2200265Ia 4500
003 OSt
005 20220928124050.0
006 a|||||r|||| 00| 0
007 ta
008 220927b |||||||| |||| 00| 0 eng d
024 _a3886
037 _cTextual
040 _aSDCL
_cSDCL
_beng
041 _2eng
_aeng
082 _aB25,1, P7
100 _aLax Peter D
245 0 _aLinear algebra and its applications.
250 _a2
260 _aNew Jersey
_bJohn Wiley & Sons
_c2007
300 _axv,376p.
_ccm.
490 _aWiley bicentennial - knowledge for generations.
650 _aLinear Algebra
942 _hB25,1, P7
_cTEXL
_2CC
999 _c776186
_d776186